000 00275nam a2200097Ia 4500
082 _aEJF|MATI
245 0 _aBetrayal
100 _a Matiwana, Mzwandile, , 1967- Elim Hospital, South Africa, 2012
_952851
942 _cBK
008 210817s9999 xx 000 0 und d
999 _c168049
_d168048